Religiosos, hoy

שמור ב:
מידע ביבליוגרפי
מחבר ראשי: Tillard, Jean Marie René (Author)
פורמט: ספר
שפה:ספרדית
יצא לאור: Madrid Mensajero. 23 1969
סדרה:Colección Vida Religiosa
נושאים:
תגים: הוספת תג
אין תגיות, היה/י הראשונ/ה לתייג את הרשומה!

MARC

LEADER 00000nam a2200000 a 4500
001 UCJ2775
003 CL-VaPUC
008 070112e19690925SP |||||||||||||||||spa|d
082 0 4 |a 248.894  |b TIL  |2 21 
100 0 |a Tillard, Jean Marie René  |e author  |9 503745 
245 1 0 |a Religiosos, hoy 
300 |a 217 p 
942 |c BK 
945 |d 20070112 00:00:00  |a lvergara 
260 |a Madrid  |b Mensajero. 23  |c 1969 
650 0 |a Vida religiosa  |9 257284 
650 0 |a Vocación sacerdotal  |9 392453 
650 0 |a Religión   |9 255164 
650 0 |a Iglesia   |9 255004 
650 0 |a Vocación religiosa  |9 392452 
583 |a last modification  |c 20070112 00:00:00  |k Rodrigo Vera 
490 0 |a Colección Vida Religiosa 
999 |c 318906  |d 318904 
952 |0 0  |1 2  |4 0  |6 248_894000000000000_TIL_1969  |7 0  |8 A  |9 397102  |a BIBTEO  |b BIBTEO  |d 2019-11-22  |i 4304535  |o 248.894 TIL 1969  |p 4304535  |r 2019-11-22  |w 2019-11-22  |x Descarte 2019  |y BK  |k ICR